Learning Resource and Development

Common cents : (Record no. 23812)

MARC details
000 -LEADER
fixed length control field 01136cam a2200301Ia 4500
001 - CONTROL NUMBER
control field commoncentsabcpe00turn
003 - CONTROL NUMBER IDENTIFIER
control field CaSfIA
005 - DATE AND TIME OF LATEST TRANSACTION
control field 20230525155226.0
007 - PHYSICAL DESCRIPTION FIXED FIELD--GENERAL INFORMATION
fixed length control field cr||||
008 - FIXED-LENGTH DATA ELEMENTS--GENERAL INFORMATION
fixed length control field 951110s1993 orua b 001 0 eng d
010 ## - LIBRARY OF CONGRESS CONTROL NUMBER
LC control number 91075575
040 ## - CATALOGING SOURCE
Original cataloging agency ICZ
Transcribing agency ICZ
Modifying agency UBA
-- OCLCQ
-- LGG
-- CaSfIA
020 ## - INTERNATIONAL STANDARD BOOK NUMBER
International Standard Book Number 0962957607
020 ## - INTERNATIONAL STANDARD BOOK NUMBER
International Standard Book Number 9780962957604
035 ## - SYSTEM CONTROL NUMBER
System control number (OCoLC)33465607
050 00 - LIBRARY OF CONGRESS CALL NUMBER
Classification number HF5686.C8
Item number T83 1993
082 04 - DEWEY DECIMAL CLASSIFICATION NUMBER
Classification number 657/.42
Edition number 20
100 1# - MAIN ENTRY--PERSONAL NAME
Personal name Turney, Peter B. B.
245 10 - TITLE STATEMENT
Title Common cents :
Medium [electronic resource]
Remainder of title the ABC performance breakthrough : how to succeed with activity-based costing /
Statement of responsibility, etc. Peter B.B. Turney.
260 ## - PUBLICATION, DISTRIBUTION, ETC.
Place of publication, distribution, etc. Hillsboro, OR :
Name of publisher, distributor, etc. Cost Technology,
Date of publication, distribution, etc. c1993.
300 ## - PHYSICAL DESCRIPTION
Extent 322 p. :
Other physical details ill. ;
Dimensions 23 cm.
504 ## - BIBLIOGRAPHY, ETC. NOTE
Bibliography, etc. note Includes bibliographical references and index.
650 #0 - SUBJECT ADDED ENTRY--TOPICAL TERM
Topical term or geographic name entry element Activity-based costing.
650 #0 - SUBJECT ADDED ENTRY--TOPICAL TERM
Topical term or geographic name entry element Cost accounting.
650 #7 - SUBJECT ADDED ENTRY--TOPICAL TERM
Topical term or geographic name entry element Custo (contabilidade)
Source of heading or term larpcal
856 41 - ELECTRONIC LOCATION AND ACCESS
Uniform Resource Identifier <a href="http://www.archive.org/details/commoncentsabcpe00turn">http://www.archive.org/details/commoncentsabcpe00turn</a>
Public note Free eBook from the Internet Archive
856 42 - ELECTRONIC LOCATION AND ACCESS
Uniform Resource Identifier <a href="http://www.openlibrary.org/books/OL1575901M">http://www.openlibrary.org/books/OL1575901M</a>
Public note Additional information and access via Open Library
Holdings
Withdrawn status Lost status Damaged status Not for loan Collection Home library Current library Date acquired Total Checkouts Full call number Date last seen Price effective from Koha item type
        Project Gutenberg Main Library Main Library 05/25/2023   HF5686.C8 T83 1993 05/25/2023 05/25/2023 EBooks